Marvin's Marvelous Mechanical Museum Quiz - Tally Hall - Statistics

General Stats
  • This quiz has been taken 383 times
  • The average score is 14 of 17
Answer Stats
Answer % Correct
Welcome to Tally Hall
94%
Ruler of Everything
93%
Good Day
92%
Greener
87%
Hidden in the Sand
84%
Banana Man
82%
13
81%
The Bidding
80%
Two Wuv
79%
Mucka Blucka (Bonus Track)
77%
Taken for a Ride
76%
The Whole World and You
76%
Dream (Bonus Track)
75%
Be Born
73%
Spring and a Storm
73%
Haiku
71%
Just Apathy
65%
No matching quizzes found
Score Distribution
Percent of People with Each Score
Percentile by Number Answered
Your Score History
You have not taken this quiz